000 00435nam a2200157 i 4500
001 95660
003 ES-MaACL
005 20230906181741.0
007 t|
008 050602s1959 sp ||||1| spa d
100 1 _aLlopis, Jorge.
_972829
245 1 0 _a¿Quiere usted ser tonta en diez días? /
_cJorge Llopis.
260 _aBarcelona :
_bEdiciones G.P.,
_c1959.
300 _a125 p. ;
_c18 cm.
852 _aES-MaACL
_jC-17185
_bR.44298
999 _c95660
_d95660